[Event "Doeberl Cup Minor 48th"]
[Site "Canberra"]
[Date "2010.04.02"]
[Round "1"]
[White "Marks, Joe"]
[Black "Roberts, John Michael"]
[Result "1-0"]
[WhiteElo "1353"]
[BlackElo "990"]
[PlyCount "101"]
[EventDate "2010.04.02"]
[EventType "swiss"]
[EventRounds "7"]
[EventCountry "AUS"]
[SourceTitle "EXT 2012"]
[Source "ChessBase"]
[SourceDate "2011.11.24"]
[SourceVersion "1"]
[SourceVersionDate "2011.11.24"]
[SourceQuality "1"]

1. e4 c5 2. Bc4 e6 3. Nc3 Nc6 4. f4 Bd6 5. d3 a6 6. Nf3 Nge7 7. 0-0 Ng6 8. Ne2 b5 9. Bb3 Na5 10. Be3 Nxb3 11. axb3 0-0 12. Qd2 Qb6 13. Nc3 Bb7 14. d4 Rfd8 15. d5 b4 16. Na4 Qa7 17. e5 Bxd5 18. exd6 Bxf3 19. Bxc5 Qb7 20. Rxf3 a5 21. Bb6 Rdc8 22. Bc7 Ra6 23. Nc5 Qc6 24. Nxa6 Qxa6 25. Qxb4 Qe2 26. Qb7 Re8 27. Rf2 Qg4 28. Qf3 Qf5 29. Rxa5 Qf6 30. Ra8 Rxa8 31. Qxa8+ Nf8 32. c4 h6 33. Bd8 Qf5 34. Be7 Kh7 35. Qxf8 Qg4 36. h3 Qf5 37. g4 Qd3 38. Qxf7 Qxh3 39. Qh5 Qg3+ 40. Rg2 Qxf4 41. Qh3 Qc1+ 42. Kh2 Qf4+ 43. Qg3 Qd4 44. g5 e5 45. gxh6 e4 46. Qg6+ Kg8 47. Bf6 Qxd6+ 48. Kh1 Qd1+ 49. Kh2 Qd6+ 50. Kh3 Qd3+ 51. Kh4 1-0